An evaluation of the reading component in an ESP programme : focus on utilization of strategies /
Saved in:
| Main Author: | |
|---|---|
| Format: | Thesis Book |
| Language: | English |
| Published: |
1995.
|
| Subjects: | |
| Tags: |
Add Tag
No Tags, Be the first to tag this record!
|
| LEADER | 01424cam a2200325 a 4500 | ||
|---|---|---|---|
| 001 | u232700 | ||
| 003 | SIRSI | ||
| 008 | 920809s1995 my t 00 1 eng m | ||
| 035 | |a ABB-6733 | ||
| 040 | |a UMM | ||
| 043 | |a a-my--- | ||
| 090 | |a LB2365 |b R4Low | ||
| 091 | |a Microfiche 13940 | ||
| 093 | |a LB2365 |b R4Low | ||
| 100 | 1 | 0 | |a Low, Swee Joon. |
| 245 | 1 | 3 | |a An evaluation of the reading component in an ESP programme : |b focus on utilization of strategies / |c by Low Swee Joon. |
| 260 | |c 1995. | ||
| 300 | |a xii, 93 leaves ; |c 30 cm. | ||
| 500 | |a Microfiche. Kuala Lumpur : University of Malaya Library, 1999. 2 fiches : negative ; 11 x 15 cm. | ||
| 502 | |a Dissertation (M.Ed.) -- Fakulti Pendidikan, Universiti Malaya, 1995. | ||
| 504 | |a Bibliography: leaves 75-93. | ||
| 650 | 0 | |a Reading comprehension |x Ability testing. | |
| 650 | 0 | |a English language |x Technical English |x Study and teaching (Higher) |z Malaysia. | |
| 650 | 0 | |a Reading (Higher education) |z Malaysia |x Evaluation. | |
| 710 | 2 | 0 | |a Universiti Malaya. |b Fakulti Pendidikan. |
| 948 | |a 09/08/1992 |b 25/11/2000 | ||
| 596 | |a 1 8 | ||
| 999 | |a LB2365 R4LOW |w LC |c 1 |i A506172172 |d 5/6/2014 |e 5/6/2014 |l STACKS |m P01UTAMA |n 6 |r Y |s Y |t TESIS |u 2/11/1996 | ||
| 999 | |a LB2365 R4LOW |w LC |c 2 |i A503698897 |d 19/1/2008 |e 19/1/2008 |l B_KOM4 |m P01UTAMA |n 1 |r Y |s Y |t TESIS |u 20/2/1998 |o .PUBLIC. bkom 4 : 30535 | ||
| 999 | |a LB2365 R4LOW |w LC |c 1 |i A506699596 |l STACKS |m P08PENDIDI |r Y |s Y |t TESIS |u 7/10/1997 | ||
